LIBRARY & INFORMATION CENTRE, KCAET, TAVANUR

ONLINE PUBLIC ACCESS CATALOGUE (OPAC)

Agricultural Drainage Engineering: Field and Laboratory Manual (Record no. 14200)

MARC details
000 -LEADER
fixed length control field 00343nam a22001217a 4500
020 ## - INTERNATIONAL STANDARD BOOK NUMBER
ISBN 9788172338633
082 ## - DEWEY DECIMAL CLASSIFICATION NUMBER
Classification number 631.587
Item number PAR/AG
100 ## - MAIN ENTRY--AUTHOR NAME
Personal name Parmar, Hiteshkumar. v
245 ## - TITLE STATEMENT
Title Agricultural Drainage Engineering: Field and Laboratory Manual
260 ## - PUBLICATION, DISTRIBUTION, ETC. (IMPRINT)
Place of publication New Delhi
Name of publisher Scientific Publishers (India)
Year of publication 2014
300 ## - PHYSICAL DESCRIPTION
Number of Pages 107
942 ## - ADDED ENTRY ELEMENTS (KOHA)
Koha item type Books
Holdings
Withdrawn status Lost status Damaged status Collection code Home library Current library Shelving location Date acquired Source of acquisition Cost, normal purchase price Full call number Accession Number Koha item type
        KAUAET KAUAET General Stacks 24/06/2016 Ganesh Book Centre Trivandrum 400.00 631.587 PAR/AG 24583 Books
free website counter